Bytový komplex Oscar-Martin

Salvato in:
Dettagli Bibliografici
Autore principale: Murín, Anton (Autore)
Altri autori: Matúšek, Richard (Relatore della tesi)
Natura: Manoscritto Libro
Lingua:slovacco
Pubblicazione: 2015
Soggetti:
Accesso online:http://is.stuba.sk/zp/portal_zp.pl?podrobnosti=109434
https://opac.crzp.sk/?fn=detailBiblioForm&sid=E75B5E22D326BA6A9FA290CFFF20
Tags: Aggiungi Tag
Nessun Tag, puoi essere il primo ad aggiungerne!!

MARC

LEADER 00000ntm a22000003a 4500
001 stuzp53890
003 SK-STU
005 20231026091853.8
007 ta
008 150427s2015----xo-----f-mn---000-0-slo-d
040 |a STU  |b slo 
041 0 |a slo 
100 1 |a Murín, Anton  |u 010270  |4 aut  |U SvF Stavebná fakulta  |T SvF Katedra technológie stavieb  |X 67531  |U V270  |Y 28  |7 A000067531 
242 0 1 |a Residential complex Oscar - Martin  |y eng 
245 1 0 |a Bytový komplex Oscar-Martin 
260 |c 2015 
650 4 |a Technilogický predpis  |2 slo 
650 4 |a Prevetrávaný fasádny systém  |2 slo 
650 4 |a Bytový komplex Oscar - Martin  |2 slo 
650 4 |a Ventilation facade system  |2 eng 
650 4 |a Residential complex Oscar - Martin  |2 eng 
650 4 |a technological specification  |2 eng 
700 1 |a Matúšek, Richard  |4 ths  |X 17812  |7 A000017812 
856 4 |u http://is.stuba.sk/zp/portal_zp.pl?podrobnosti=109434 
856 4 |u https://opac.crzp.sk/?fn=detailBiblioForm&sid=E75B5E22D326BA6A9FA290CFFF20 
SQL |a stuzp53890  |b DDP  |c SLO  |d Bytový komplex Oscar-Martin  |e 67531  |f Murín, Anton  |g 010270  |h 17812  |i Matúšek, Richard  |j 20150617  |k 681  |l 01  |m http://is.stuba.sk/zp/portal_zp.pl?podrobnosti=109434  |n I-TS  |o 5.2.8. stavebníctvo